000 00895nam a2200325 a 4500
003 AR-BaBNM
005 20251128204520.0
008 082120s2002 ||||||||||||||000 | spa||
020 _a950-560-034-8
040 _cAR-BaBNM
100 1 _aReynoso, Carlos
245 0 0 _aTeoría, historia y crítica de la antropología cognitiva
_buna propuesta sistemática
250 _a1ª ed.
260 _aBuenos Aires
_bBúsqueda
_c1986
300 _a143 p.
490 0 _aEstudios antropológicos
500 _aPresentación de Alberto Rex González
504 _aBibliografía en p. 131-143
650 4 _aANTROPOLOGIA
650 4 _aANTROPOLOGIA CULTURAL Y SOCIAL
650 4 _aHISTORIA
650 4 _aTEORIA
650 4 _aSEMANTICA
650 4 _aANALISIS SEMANTICO
650 4 _aRELACIONES SEMANTICAS
650 4 _aDIAGRAMAS
650 4 _aTAXONOMIA
942 _cBK
998 _cMarce
999 _c7738
_d7738